<?xml version="1.0" encoding="UTF-8"?>
<record
    xmlns:xsi="http://www.w3.org/2001/XMLSchema-instance"
    xsi:schemaLocation="http://www.loc.gov/MARC21/slim http://www.loc.gov/standards/marcxml/schema/MARC21slim.xsd"
    xmlns="http://www.loc.gov/MARC21/slim">

  <leader>02833nam a22002417a 4500</leader>
  <controlfield tag="001">6613</controlfield>
  <controlfield tag="003">FISKH</controlfield>
  <controlfield tag="005">20250513144619.0</controlfield>
  <controlfield tag="008">250513b        cb ||||| |||| 00| 0 eng d</controlfield>
  <datafield tag="040" ind1=" " ind2=" ">
    <subfield code="a">FISKH</subfield>
    <subfield code="b">khr</subfield>
    <subfield code="c">FISKH</subfield>
    <subfield code="d">FISKH</subfield>
  </datafield>
  <datafield tag="082" ind1=" " ind2=" ">
    <subfield code="a">294.5922</subfield>
  </datafield>
  <datafield tag="100" ind1=" " ind2=" ">
    <subfield code="a">Chhaya Vong ,Sisovath</subfield>
  </datafield>
  <datafield tag="245" ind1=" " ind2=" ">
    <subfield code="a">&#x179F;&#x1784;&#x17D2;&#x1781;&#x17C1;&#x1794;&#x179A;&#x17B6;&#x1798;&#x1780;&#x17C1;&#x179A;&#x17D2;&#x178F;&#x17CF; /</subfield>
    <subfield code="c">&#x17A2;&#x17D2;&#x1793;&#x1780;&#x17A2;&#x1784;&#x17D2;&#x1782;&#x1798;&#x17D2;&#x1785;&#x17B6;&#x179F;&#x17CB; &#x179F;&#x17B8;&#x179F;&#x17BB;&#x179C;&#x178F;&#x17D2;&#x1790; &#x179C;&#x178C;&#x17D2;&#x178D;&#x1799;&#x17B6;&#x179C;&#x1784;&#x17D2;&#x179F;&#x200B;</subfield>
  </datafield>
  <datafield tag="250" ind1=" " ind2=" ">
    <subfield code="a">&#x1794;&#x17C4;&#x17C7;&#x1796;&#x17BB;&#x1798;&#x17D2;&#x1796;&#x179B;&#x17BE;&#x1780;&#x1791;&#x17B8;&#x17E1;</subfield>
  </datafield>
  <datafield tag="260" ind1=" " ind2=" ">
    <subfield code="a">&#x1797;&#x17D2;&#x1793;&#x17C6;&#x1796;&#x17C1;&#x1789; :</subfield>
    <subfield code="c">&#x17E1;&#x17E9;&#x17E3;&#x17E7; .</subfield>
  </datafield>
  <datafield tag="300" ind1=" " ind2=" ">
    <subfield code="a">26 pages : </subfield>
    <subfield code="b">illustrations ;</subfield>
    <subfield code="c">21 cm . </subfield>
  </datafield>
  <datafield tag="520" ind1=" " ind2=" ">
    <subfield code="a">&#x179A;&#x17BF;&#x1784;&#x1793;&#x17C1;&#x17C7; &#x1787;&#x17B6;&#x179F;&#x17D2;&#x1793;&#x17B6;&#x178A;&#x17C3;&#x178A;&#x17CF;&#x179B;&#x17D2;&#x1794;&#x17B8;&#x179B;&#x17D2;&#x1794;&#x17B6;&#x1789;&#x1780;&#x17D2;&#x1793;&#x17BB;&#x1784;&#x1794;&#x17D2;&#x179A;&#x179C;&#x178F;&#x17D2;&#x178F;&#x17B7;&#x179F;&#x17B6;&#x179F;&#x17D2;&#x179A;&#x17D2;&#x178F;&#x1780;&#x1798;&#x17D2;&#x1796;&#x17BB;&#x1787;&#x17B6;&#x17D4;&#x200B; &#x179A;&#x17BF;&#x1784;&#x1793;&#x17C1;&#x17C7;&#x1787;&#x17B6;&#x179F;&#x17C1;&#x1785;&#x1780;&#x17D2;&#x178F;&#x17B8;&#x1794;&#x17D2;&#x179A;&#x17C2;&#x1793;&#x17C3;&#x179A;&#x17BF;&#x1784;&#x179A;&#x1794;&#x179F;&#x17CB;&#x17A5;&#x178E;&#x17D2;&#x178C;&#x17B6; &#x178A;&#x17C2;&#x179B;&#x1787;&#x17B6;&#x179F;&#x17D2;&#x1793;&#x17B6;&#x178A;&#x17C3;&#x1793;&#x17B7;&#x1796;&#x1793;&#x17D2;&#x1792;&#x179A;&#x1794;&#x179F;&#x17CB;&#x179B;&#x17C4;&#x1780; &#x179C;&#x17B6;&#x179B;&#x17D2;&#x1798;&#x17B7;&#x1780;&#x17B7;&#x179A;&#x179C;&#x17B6;&#x1784; &#x1796;.&#x179F; &#x1794;&#x17D2;&#x179A;&#x1798;&#x17B6;&#x178E;&#x200B;&#x17E5;&#x17E0;&#x1786;&#x17D2;&#x1793;&#x17B6;&#x17C6; &#x17A0;&#x17BE;&#x1799;&#x1795;&#x17D2;&#x179F;&#x17B6;&#x1799;&#x1785;&#x1785;&#x17C1;&#x1789;&#x1796;&#x17B8;&#x178F;&#x17C6;&#x1794;&#x1793;&#x17CB;&#x1798;&#x17BD;&#x1799;&#x178A;&#x17C4;&#x1799;&#x1798;&#x17B6;&#x1793;&#x179B;&#x17C6;&#x1793;&#x17B6;&#x17C6;&#x178F;&#x17B6;&#x1798;&#x1791;&#x17C6;&#x1793;&#x17C0;&#x1798;&#x1791;&#x17C6;&#x179B;&#x17B6;&#x1794;&#x17CB; &#x178F;&#x17B6;&#x1798;&#x1794;&#x17C2;&#x1794;&#x1791;&#x17C6;&#x1793;&#x1784;&#x179F;&#x17D2;&#x179A;&#x17BB;&#x1780;&#x179A;&#x1794;&#x179F;&#x17CB;&#x1781;&#x17D2;&#x179B;&#x17BD;&#x1793; &#x17D4;&#x200B;&#x200B;&#x200B;&#x200B;&#x200B;&#x200B;&#x200B; &#x1794;&#x17C9;&#x17BB;&#x1793;&#x17D2;&#x178F;&#x17C2;&#x179A;&#x17BF;&#x1784;&#x179A;&#x17B6;&#x1798;&#x1780;&#x17C1;&#x179A;&#x17D2;&#x178F;&#x17CF;&#x1781;&#x17D2;&#x1798;&#x17C2;&#x179A;&#x1799;&#x17BE;&#x1784;&#x1798;&#x17B7;&#x1793;&#x1794;&#x17B6;&#x1793;&#x179B;&#x17BE;&#x1780;&#x178F;&#x17C6;&#x1780;&#x17BE;&#x1784;&#x1796;&#x17D2;&#x179A;&#x17C7;&#x179A;&#x17B6;&#x1798;&#x1790;&#x17B6;&#x1787;&#x17B6;&#x17A2;&#x179C;&#x178F;&#x17B6;&#x1791;&#x17B8;&#x17E7; &#x179A;&#x1794;&#x179F;&#x17CB;&#x1796;&#x17D2;&#x179A;&#x17C7;&#x179C;&#x17B7;&#x179F;&#x17D2;&#x1793;&#x17BB;&#x179A;&#x178A;&#x17C2;&#x179B;&#x1798;&#x17B6;&#x1793;&#x1797;&#x17B6;&#x179C;&#x1785;&#x17BB;&#x17C7;&#x1798;&#x1780;&#x1780;&#x17C6;&#x1785;&#x17B6;&#x178F;&#x17CB;&#x179F;&#x1797;&#x17B6;&#x179C;&#x17A2;&#x17B6;&#x1780;&#x17D2;&#x179A;&#x1780;&#x17CB;&#x1793;&#x17C1;&#x17C7;&#x1791;&#x17C1; &#x178F;&#x17C2;&#x1782;&#x17B8;&#x1787;&#x17B6;&#x178A;&#x17C6;&#x178E;&#x17BE;&#x179A;&#x179A;&#x17BF;&#x1784;&#x179A;&#x1794;&#x179F;&#x17CB;&#x1798;&#x1793;&#x17BB;&#x179F;&#x17D2;&#x179F;&#x179F;&#x17B6;&#x1798;&#x1789;&#x17D2;&#x1789;&#x1780;&#x17D2;&#x1793;&#x17BB;&#x1784;&#x179B;&#x17C4;&#x1780;&#x17B7;&#x1799;&#x1799;&#x17BE;&#x1784;&#x1793;&#x17C1;&#x17C7; &#x17A0;&#x17BE;&#x1799;&#x179F;&#x179A;&#x179F;&#x17C1;&#x179A;&#x1785;&#x1784;&#x1780;&#x17D2;&#x179A;&#x1784;&#x1787;&#x17B6;&#x1796;&#x17B6;&#x1780;&#x17D2;&#x1799;&#x1780;&#x17B6;&#x1796;&#x17D2;&#x1799;&#x1783;&#x17D2;&#x179B;&#x17C4;&#x1784; &#x1797;&#x17B6;&#x179F;&#x17B6;&#x179F;&#x17C6;&#x179F;&#x17D2;&#x179A;&#x17D2;&#x1780;&#x17BA;&#x178F;&#x1780;&#x17D2;&#x179B;&#x17B6;&#x1799; &#x1793;&#x17B7;&#x1784;&#x1794;&#x17B6;&#x179B;&#x17B8;&#x1790;&#x17D2;&#x179B;&#x17C2;&#x1784;&#x1796;&#x17B8;&#x179A;&#x17BF;&#x1784;&#x1785;&#x17C6;&#x1794;&#x17B6;&#x17C6;&#x1784;&#x1799;&#x17C9;&#x17B6;&#x1784;&#x1792;&#x17C6; &#x17D4;</subfield>
  </datafield>
  <datafield tag="520" ind1=" " ind2=" ">
    <subfield code="a">This is a renowned work in the history of Cambodia. The story is an adaptation of an Indian epic, originally composed by Valmiki around 50 B.C. It was passed down from one region to another, adapted according to local customs and storytelling traditions.

However, the Khmer version of the Ramayana does not elevate Rama as the seventh avatar of Vishnu who descended to destroy evil, as in the Hindu tradition. Instead, it portrays the tale as a journey of ordinary human beings within the worldly realm. It is composed in poetic form using Sanskritized Khmer and Pali, describing grand battles and epic adventures.</subfield>
  </datafield>
  <datafield tag="650" ind1=" " ind2=" ">
    <subfield code="a">&#x179A;&#x17B6;&#x1798;&#x1780;&#x17C1;&#x179A;&#x17D2;&#x178F;&#x17CF; </subfield>
    <subfield code="v">&#x17A2;&#x1780;&#x17D2;&#x179F;&#x179A;&#x179F;&#x17B7;&#x179B;&#x17D2;&#x1794;&#x17CF;&#x1794;&#x17BB;&#x179A;&#x17B6;&#x178E;&#x200B;</subfield>
  </datafield>
  <datafield tag="650" ind1=" " ind2=" ">
    <subfield code="a">Ream Ke </subfield>
    <subfield code="v">Ancient Literature </subfield>
  </datafield>
  <datafield tag="942" ind1=" " ind2=" ">
    <subfield code="2">ddc</subfield>
    <subfield code="c">KHB</subfield>
    <subfield code="n">0</subfield>
  </datafield>
  <datafield tag="999" ind1=" " ind2=" ">
    <subfield code="c">6613</subfield>
    <subfield code="d">6613</subfield>
  </datafield>
  <datafield tag="952" ind1=" " ind2=" ">
    <subfield code="0">0</subfield>
    <subfield code="1">0</subfield>
    <subfield code="2">ddc</subfield>
    <subfield code="4">0</subfield>
    <subfield code="7">0</subfield>
    <subfield code="8">KH</subfield>
    <subfield code="a">002</subfield>
    <subfield code="b">002</subfield>
    <subfield code="c">SKB</subfield>
    <subfield code="d">2025-05-13</subfield>
    <subfield code="l">0</subfield>
    <subfield code="o">VAT 294.5922</subfield>
    <subfield code="p">FISSE02328</subfield>
    <subfield code="r">2025-05-13 11:50:21</subfield>
    <subfield code="t">1</subfield>
    <subfield code="w">2025-05-13</subfield>
    <subfield code="y">KHB</subfield>
  </datafield>
  <datafield tag="952" ind1=" " ind2=" ">
    <subfield code="0">0</subfield>
    <subfield code="1">0</subfield>
    <subfield code="2">ddc</subfield>
    <subfield code="4">0</subfield>
    <subfield code="7">0</subfield>
    <subfield code="8">KH</subfield>
    <subfield code="a">002</subfield>
    <subfield code="b">002</subfield>
    <subfield code="c">SKB</subfield>
    <subfield code="d">2025-05-16</subfield>
    <subfield code="l">0</subfield>
    <subfield code="o">VAT 294.5922</subfield>
    <subfield code="p">2025-1312</subfield>
    <subfield code="r">2025-05-16 09:53:32</subfield>
    <subfield code="t">2</subfield>
    <subfield code="w">2025-05-16</subfield>
    <subfield code="y">KHB</subfield>
  </datafield>
</record>
